Statistiques concernant Top 15 des villes les plus peuplées de Bretagne

Cliquez ici pour prendre le quiz!

Statistiques générales

  • Ce quiz a été pris 180 fois
  • Le résultat moyen est 9 sur 15

Statistiques - réponses

PopulationsVilles% Correct
139 619Brest
99%
225 081Rennes
99%
63 642Quimper
94%
57 846Lorient
93%
54 420Vannes
91%
44 224Saint-Brieuc
85%
47 323Saint-Malo
84%
20 607Concarneau
61%
20 653Fougères
58%
20 344Lannion
54%
18 998Vitré
43%
23 026Lanester
28%
19 651Bruz
17%
17 716Cesson-Sévigné
17%
18 591Ploemeur
11%

Distribution des résultats

Percentile par nombre de réponses

% des personnes avec chaque résultat

Votre développement - résultats

Vous n’avez pas pris ce quiz